Podpora podnikania v malých a stredných podnikoch na Slovensku bakalárska práca

Uložené v:
Podrobná bibliografia
Hlavný autor: Šramko, Andrej
Korporativný autor: Fakulta podnikového manažmentu EU. Katedra podnikových financií
Ďalší autori: Kakula, Tomáš
Médium: Kniha
Jazyk:Slovak
Vydavateľské údaje: Bratislava 2012
Tagy: Pridať tag
Žiadne tagy, Buďte prvý, kto otaguje tento záznam!

MARC

LEADER 00000nbm a2200000 4500
001 0158735
005 20161109112007.4
041 0 |a slo 
044 |a SK 
245 1 0 |a Podpora podnikania v malých a stredných podnikoch na Slovensku  |b bakalárska práca  |c Andrej Šramko ; školiteľ: Tomáš Kakula 
264 1 |a Bratislava  |c 2012 
300 |a 50 s. 
100 1 |a Šramko, Andrej 
700 1 |a Kakula, Tomáš 
710 2 |a Fakulta podnikového manažmentu EU. Katedra podnikových financií